000 00220 a2200097 4500
001 1039
100 _aWilson,W.
245 _aCalculation and design of electrical apparatus
260 _a
_bChapman
_c
090 _c606
_d606
942 _aNUST-CAE
_cM
_c32556
999 _c236112
_d236112